Normal view
MARC view
Entry Personal Name
001 - CONTROL NUMBER
- control field: 84310
003 - CONTROL NUMBER IDENTIFIER
- control field: dpl
005 - DATE AND TIME OF LATEST TRANSACTION
- control field: 20250825143629.0
008 - FIXED-LENGTH DATA ELEMENTS
- fixed length control field: 250825|| aca||aabn | a|a d
040 ## - CATALOGING SOURCE
- Original cataloging agency: dpl
- Transcribing agency: dpl
100 ## - HEADING--PERSONAL NAME
- Personal name: भदौरिया, सन्तोष
670 ## - SOURCE DATA FOUND
- Source citation: Work cat.: (dpl)213145: भदौरिया, सन्तोष, अंग्रेजी राज और हिन्दी की प्रतिबंधित पत्रकारिता /, 2025
